[Event "Stay Safe Play From Home 165"]
[Site "T#646231Emanuel Laske"]
[Date "2020.05.21"]
[Round "9"]
[White "Grizzzly"]
[Black "Alin1001"]
[Result "1/2-1/2"]
[WhiteElo "1704"]
[BlackElo "2068"]
[Annotator "NA"]
[PlyCount "61"]
[EventDate "2020.05.21"]
[EventType "swiss (blitz)"]

1. d4 {[%emt 0:00:01]} e5 {[%emt 0:00:03]} 2. dxe5 {[%emt 0:00:03]} Nc6 {[%emt 0:00:01]} 3. c4 {[%emt 0:00:01]} Nxe5 {[%emt 0:00:02]} 4. e3 {[%emt 0:00:01]} Bb4+ {[%emt 0:00:03]} 5. Bd2 {[%emt 0:00:02]} Bxd2+ {[%emt 0:00:03]} 6. Nxd2 {[%emt 0:00:01]} Nf6 {[%emt 0:00:01]} 7. Ngf3 {[%emt 0:00:01]} Qe7 {[%emt 0:00:02]} 8. Be2 {[%emt 0:00:03]} Nxf3+ {[%emt 0:00:04]} 9. Nxf3 {[%emt 0:00:01]} Qb4+ {[%emt 0:00:01]} 10. Qd2 {[%emt 0:00:01]} Qxd2+ {[%emt 0:00:01]} 11. Nxd2 {[%emt 0:00:01]} d6 {[%emt 0:00:02]} 12. O-O {[%emt 0:00:01]} Bd7 {[%emt 0:00:01]} 13. Rfd1 {[%emt 0:00:04]} Bc6 {[%emt 0:00:01]} 14. Bd3 {[%emt 0:00:01]} O-O-O {[%emt 0:00:04]} 15. Rac1 {[%emt 0:00:02]} Rhe8 {[%emt 0:00:03]} 16. Nf1 {[%emt 0:00:06]} Be4 {[%emt 0:00:07]} 17. Bxe4 {[%emt 0:00:04]} Nxe4 {[%emt 0:00:01]} 18. Ng3 {[%emt 0:00:01]} Nxg3 {[%emt 0:00:02]} 19. hxg3 {[%emt 0:00:01]} c6 {[%emt 0:00:03]} 20. Kf1 {[%emt 0:00:03]} Kc7 {[%emt 0:00:02]} 21. Ke2 {[%emt 0:00:01]} Re5 {[%emt 0:00:01]} 22. Rd4 {[%emt 0:00:05]} d5 {[%emt 0:00:04]} 23. cxd5 {[%emt 0:00:01]} Rexd5 {[%emt 0:00:01]} 24. Rxd5 {[%emt 0:00:12]} Rxd5 {[%emt 0:00:01]} 25. Rh1 {[%emt 0:00:00]} h6 {[%emt 0:00:01]} 26. g4 {[%emt 0:00:04]} Rc5 {[%emt 0:00:05]} 27. Kd3 {[%emt 0:00:05]} Rd5+ {[%emt 0:00:05]} 28. Kc3 {[%emt 0:00:04]} Rc5+ {[%emt 0:00:02]} 29. Kd3 {[%emt 0:00:01]} Rd5+ {[%emt 0:00:01]} 30. Kc3 {[%emt 0:00:01]} Rc5+ {[%emt 0:00:01]} 31. Kd3 {[%emt 0:00:00] (Lag: Av=0.37s, max=0.5s)} 1/2-1/2

[Event "Stay Safe Play From Home 165"]
[Site "T#646231Emanuel Laske"]
[Date "2020.05.21"]
[Round "9"]
[White "Tunca"]
[Black "shahildey"]
[Result "0-1"]
[WhiteElo "1659"]
[BlackElo "2146"]
[PlyCount "72"]
[EventDate "2020.05.21"]
[EventType "swiss (blitz)"]

1. e4 {[%emt 0:00:03]} c5 {[%emt 0:00:01]} 2. Nf3 {[%emt 0:00:01]} e6 {[%emt 0:00:00]} 3. d4 {[%emt 0:00:00]} cxd4 {[%emt 0:00:00]} 4. Nxd4 {[%emt 0:00:00]} a6 {[%emt 0:00:00]} 5. Nc3 {[%emt 0:00:01]} Qc7 {[%emt 0:00:01]} 6. Be2 {[%emt 0:00:01]} Nf6 {[%emt 0:00:01]} 7. O-O {[%emt 0:00:01]} Bb4 {[%emt 0:00:00]} 8. Qd3 {[%emt 0:00:25]} Nc6 {[%emt 0:00:01]} 9. Nxc6 {[%emt 0:00:06]} bxc6 {[%emt 0:00:00]} 10. Bg5 {[%emt 0:00:04]} Be7 {[%emt 0:00:02]} 11. Rad1 {[%emt 0:00:07]} d5 {[%emt 0:00:01]} 12. Rfe1 {[%emt 0:00:06]} O-O {[%emt 0:00:02]} 13. Bf3 {[%emt 0:00:14]} Bb7 {[%emt 0:00:11]} 14. e5 {[%emt 0:00:08]} Ne8 {[%emt 0:00:01]} 15. Bxe7 {[%emt 0:00:01]} Qxe7 {[%emt 0:00:00]} 16. Ne2 {[%emt 0:00:07]} c5 {[%emt 0:00:03]} 17. c3 {[%emt 0:00:05]} Nc7 {[%emt 0:00:02]} 18. Ng3 {[%emt 0:00:07]} Rad8 {[%emt 0:00:06]} 19. Qe3 {[%emt 0:00:09]} Nb5 {[%emt 0:00:06]} 20. Qf4 {[%emt 0:00:02]} f5 {[%emt 0:00:16]} 21. exf6 {[%emt 0:00:08]} Rxf6 {[%emt 0:00:01]} 22. Qe5 {[%emt 0:00:02]} Qf7 {[%emt 0:00:11]} 23. Bg4 {[%emt 0:00:03]} Re8 {[%emt 0:00:01]} 24. Nh5 {[%emt 0:00:05]} Rg6 {[%emt 0:00:02]} 25. Nf4 {[%emt 0:00:02]} Rxg4 {[%emt 0:00:02]} 26. Nxd5 {[%emt 0:00:18]} Bxd5 {[%emt 0:00:14]} 27. Rxd5 {[%emt 0:00:02]} c4 {[%emt 0:00:19]} 28. Rc5 {[%emt 0:00:05]} Qb7 {[%emt 0:00:04]} 29. g3 {[%emt 0:00:13]} Rg6 {[%emt 0:00:03]} 30. a4 {[%emt 0:00:04]} Na7 {[%emt 0:00:08]} 31. Rc7 {[%emt 0:00:01]} Qb8 {[%emt 0:00:05]} 32. Qc5 {[%emt 0:00:02]} Nc8 {[%emt 0:00:02]} 33. Qc6 {[%emt 0:00:03]} Ne7 {[%emt 0:00:02]} 34. Qd7 {[%emt 0:00:01]} Rf6 {[%emt 0:00:05]} 35. Rxe6 {[%emt 0:00:02]} Rxe6 {[%emt 0:00:02]} 36. Qxe6+ {[%emt 0:00:01]} Kf8 {[%emt 0:00:01] Time (Lag: Av=0.77s, max=1.6s)} 0-1

[Event "Stay Safe Play From Home 165"]
[Site "T#646231Emanuel Laske"]
[Date "2020.05.21"]
[Round "9"]
[White "W Nelles"]
[Black "Sfantul321"]
[Result "0-1"]
[WhiteElo "1264"]
[BlackElo "2009"]
[Annotator "NA"]
[PlyCount "70"]
[EventDate "2020.05.21"]
[EventType "swiss (blitz)"]

1. e4 {[%emt 0:00:02]} g6 {[%emt 0:00:21]} 2. d4 {[%emt 0:00:02]} Bg7 {[%emt 0:00:03]} 3. c3 {[%emt 0:00:01]} d6 {[%emt 0:00:01]} 4. Nd2 {[%emt 0:00:01]} Nf6 {[%emt 0:00:02]} 5. Ngf3 {[%emt 0:00:01]} Bg4 {[%emt 0:00:05]} 6. Be2 {[%emt 0:00:01]} O-O {[%emt 0:00:02]} 7. h3 {[%emt 0:00:01]} Bxf3 {[%emt 0:00:06]} 8. Bxf3 {[%emt 0:00:02]} Nc6 {[%emt 0:00:01]} 9. O-O {[%emt 0:00:04]} e5 {[%emt 0:00:01]} 10. d5 {[%emt 0:00:02]} Ne7 {[%emt 0:00:01]} 11. c4 {[%emt 0:00:02]} Nd7 {[%emt 0:00:01]} 12. Nb3 {[%emt 0:00:02]} b6 {[%emt 0:00:01]} 13. Bg5 {[%emt 0:00:02]} f6 {[%emt 0:00:01]} 14. Bh4 {[%emt 0:00:02]} g5 {[%emt 0:00:01]} 15. Bg3 {[%emt 0:00:02]} a5 {[%emt 0:00:01]} 16. Bg4 {[%emt 0:00:01]} a4 {[%emt 0:00:02]} 17. Be6+ {[%emt 0:00:01]} Kh8 {[%emt 0:00:01]} 18. Nd2 {[%emt 0:00:01]} Nc5 {[%emt 0:00:01]} 19. Nf3 {[%emt 0:00:03]} Nxe6 {[%emt 0:00:01]} 20. dxe6 {[%emt 0:00:02]} Qc8 {[%emt 0:00:00]} 21. h4 {[%emt 0:00:05]} g4 {[%emt 0:00:02]} 22. Nd2 {[%emt 0:00:05]} h5 {[%emt 0:00:01]} 23. f3 {[%emt 0:00:10]} Qxe6 {[%emt 0:00:02]} 24. fxg4 {[%emt 0:00:04]} hxg4 {[%emt 0:00:00]} 25. b3 {[%emt 0:00:07]} f5 {[%emt 0:00:01]} 26. exf5 {[%emt 0:00:02]} Nxf5 {[%emt 0:00:02]} 27. Bxe5 {[%emt 0:00:07]} Bxe5 {[%emt 0:00:02]} 28. Kh1 {[%emt 0:00:02]} Ng3+ {[%emt 0:00:02]} 29. Kg1 {[%emt 0:00:01]} Nxf1 {[%emt 0:00:02]} 30. Nxf1 {[%emt 0:00:01]} Bxa1 {[%emt 0:00:03]} 31. Qxa1+ {[%emt 0:00:03]} Qf6 {[%emt 0:00:00]} 32. Qxf6+ {[%emt 0:00:03]} Rxf6 {[%emt 0:00:01]} 33. Ne3 {[%emt 0:00:01]} g3 {[%emt 0:00:02]} 34. Ng4 {[%emt 0:00:02]} Rf4 {[%emt 0:00:02]} 35. Nh6 {[%emt 0:00:02]} Raf8 {[%emt 0:00:03] W Nelles gibt auf (Lag: Av=0.46s, max=1.2s)} 0-1